00444nam a2200157Ia 450000500170000000800410001704000190005804100120007708200130008924500830010226000370018530000120022265000200023470000220025485000100027620230116142731.0131103s9999 xx 000 0 und d aLoreto College aEnglish a954bJHA aThe Indian Historical Review Volume XIII,Number 1- 2cEdited by Vivekanand Jha aDelhibMotilal Banarsidassc1986 a319 p.  aHistory - India aJha,Vivekanand;ed aLCLIB